| 000 | 00564cam a22001691a 4500 | ||
|---|---|---|---|
| 020 | _a2040159355 | ||
| 040 | _cCoDU | ||
| 082 | _a658 JAN 1985 C283 Or | ||
| 100 | 1 | _aMeyer, Janine. | |
| 245 | 1 | 0 |
_aÉconomie d'entreprise : _bÉconomie et organisation de l'entreprise / |
| 250 | _a2e éd. | ||
| 260 |
_aParis : _bDunod, _cc1985. |
||
| 300 |
_a318 pages : _bill. ; _c25 cm. |
||
| 500 | _a"Classes terminales G (G1, G2, G3). Préparation aux examens de l'enseignement technique économique. Promotion sociale." | ||
| 650 | 0 | _aIndustrial management. | |
| 942 | _cAEDBB | ||
| 999 |
_c22454 _d22454 |
||